Marketing 5.0 : (Registro nro. 25490)
[ vista simple ]
| 000 -Cabecera | |
|---|---|
| Campo de control interno | 00486nam a22002057a 4500 |
| 005 - Fecha y hora del registro | |
| control field | 20260424103834.0 |
| 008 - Elementos de Longitud Fija | |
| fixed length control field | 260424b |||||||| |||| 00| 0 spa d |
| 041 ## - Idioma | |
| Codigo Idioma | ESP |
| 082 ## - DEWEY y NOTACIÓN INTERNA | |
| Dewey | 658.8 |
| Notación Interna | K468T |
| 100 ## - AUTOR | |
| Autor denominación | Kotler, Philip |
| 245 ## - TÍTULO DE MATERIAL BIBLIOGRÁFICO | |
| Título | Marketing 5.0 : |
| Título paralelo | tecnología para la humanidad |
| 260 ## - CIUDAD, EDITORIAL, AÑO | |
| Ciudad | : |
| Nombre de la Editorial | , |
| Año | 2021 |
| 300 ## - DESCRIPCIÓN | |
| N° Páginas | 214 páginas : |
| Otros detalles | ; |
| Dimensiones | 22 cm. |
| 440 ## - MENCIÓN DE SERIE | |
| Título de la Serie | ; |
| 650 ## - TEMAS | |
| Temas | Ciencias Sociales |
| 654 ## - PROGRAMAS | |
| Programa | Dpto. de Administración de Negocios |
| 700 ## - OTROS AUTORES | |
| Otros autores | ; |
| 942 ## - ELEMENTOS DE KOHA | |
| Tipo de documento | Libro |
| Nombre del creador | Justo Noguera |
| Código de catalogador | Justo Noguera |
| Suppress in OPAC | No |
| Esquema de clasificación | Dewey Decimal Classification |
| Codigo completo | Registro | Colección | Copia número | Disponibilidad | Tipo de préstamo | Biblioteca Actual | Procedencia (Biblioteca) | Ubicacón | Fecha Ingreso | Tipo de Adquisición | Date last seen | Total checkouts | Date due | Date last checked out | Price effective from | Tipo de Item | Estado del Material | Fuente de Clasificación | Damaged status | Withdrawn status |
|---|---|---|---|---|---|---|---|---|---|---|---|---|---|---|---|---|---|---|---|---|
| 658.8 K468T | 1075033 | Universidad Católica San Pablo | 1 | Disponible | Disponible | Víctor Andrés Belaunde | Víctor Andrés Belaunde | Primer piso | 24/04/2026 | Compra | 24/04/2026 | 1 | 29/05/2026 | 24/04/2026 | 24/04/2026 | Libro | Bueno | Dewey Decimal Classification |




